83 Großstädte Deutschlands - Statistiken

Allgemein
  • Dieses Quiz wurde 385 mal gespielt
  • Das Durchschnittsergebnis liegt bei 65 aus 83
Antwortstatistiken
Einwohner Stadt % Korrekt
3.782.202 Berlin
99%
1.910.160 Hamburg
99%
1.087.353 Köln
99%
1.510.378 München
99%
577.026 Bremen
98%
633.484 Stuttgart
98%
775.790 Frankfurt am Main
97%
595.471 Dortmund
96%
631.217 Düsseldorf
96%
619.879 Leipzig
96%
526.091 Nürnberg
96%
566.222 Dresden
95%
248.873 Kiel
95%
548.186 Hannover
94%
586.608 Essen
91%
215.675 Erfurt
90%
222.889 Mainz
90%
303.150 Augsburg
89%
335.789 Bonn
89%
240.114 Magdeburg
89%
338.410 Bielefeld
88%
503.707 Duisburg
87%
187.119 Potsdam
87%
210.795 Rostock
87%
183.509 Saarbrücken
87%
252.769 Aachen
86%
237.244 Freiburg im Breisgau
86%
285.522 Wiesbaden
86%
316.877 Mannheim
85%
265.885 Gelsenkirchen
84%
127.256 Wolfsburg
84%
366.385 Bochum
83%
159.465 Regensburg
83%
129.942 Ulm
83%
110.791 Jena
82%
309.964 Karlsruhe
82%
322.904 Münster
82%
242.172 Halle an der Saale
81%
252.066 Braunschweig
80%
268.943 Mönchengladbach
80%
166.960 Osnabrück
80%
164.792 Darmstadt
79%
204.687 Kassel
79%
358.938 Wuppertal
79%
250.681 Chemnitz
78%
162.960 Heidelberg
78%
142.308 Ingolstadt
78%
166.414 Leverkusen
78%
219.044 Lübeck
77%
155.749 Paderborn
77%
114.677 Bremerhaven
76%
115.298 Koblenz
76%
174.629 Oldenburg
76%
112.737 Trier
76%
128.246 Würzburg
76%
132.032 Fürth
75%
180.761 Hamm
72%
176.110 Ludwigshafen am Rhein
72%
100.010 Cottbus
71%
101.486 Kaiserslautern
71%
211.099 Oberhausen
71%
135.490 Offenbach am Main
71%
120.261 Göttingen
68%
228.550 Krefeld
68%
117.806 Erlangen
67%
157.896 Herne
67%
190.490 Hagen
65%
161.545 Solingen
65%
102.114 Siegen
64%
118.705 Bottrop
63%
155.163 Neuss
63%
130.093 Heilbronn
62%
102.325 Hildesheim
60%
173.255 Mülheim an der Ruhr
60%
128.992 Pforzheim
60%
111.693 Recklinghausen
60%
118.528 Reutlingen
60%
105.039 Salzgitter
59%
112.660 Bergisch Gladbach
57%
102.464 Gütersloh
57%
112.970 Remscheid
56%
105.606 Moers
54%
103.184 Hanau
52%
Keine übereinstimmenden Quizze gefunden
Verteilung der Resultate
Anzahl Personen mit jedem Resultat
Perzentil nach korrekt beantworteten Fragen
Ihre Resultats-Entwicklung
Sie haben dieses Quiz noch nicht gespielt